| 000 | 00977nam a22002651u 4500 | ||
|---|---|---|---|
| 001 | 12180 | ||
| 003 | HDC | ||
| 007 | cr bn --- | ||
| 008 | 210209p2000 my eng | ||
| 040 | _aHDC | ||
| 100 |
_aTan, Swee Lian, _eauthor _912617 |
||
| 245 | 0 |
_aSelection of sweetpotato clones for starch or animal feed / _cby Tan Swee Lian, Mooi Kok Chee, Zaharah Ariffin, Cheah Lee Shen and Tan Hoe Hing |
|
| 260 |
_aSerdang : _bMalaysian Agricultural Research and Development Institute (MARDI), _c2000 |
||
| 300 | _a1 page | ||
| 336 |
_atext _2rdacontent |
||
| 337 |
_acomputer _2rdamedia |
||
| 338 |
_aonline resource _2rdacarrier |
||
| 650 |
_aMineral soils _912619 |
||
| 650 |
_aRoot yield _912620 |
||
| 650 |
_aSweetpotato _912618 |
||
| 856 | _zRequest full-text at [email protected] | ||
| 942 | _2lcc | ||
| 942 | _cAR | ||
| 942 | _kJART 003029 | ||
| 999 |
_c9503 _d9503 |
||